Biblioteca y Centro de Documentación

Las medidas españolas para promover la igualdad entre mujeres y hombres en el trabajo tras la reforma de 2012 (Registro nro. 46984)

Detalles MARC
000 -CABECERA
Longitud fija campo de control 01145naa a2200265 c 4500
001 - NÚMERO DE CONTROL
Número de control 46984
003 - IDENTIFICADOR DE NÚMERO DE CONTROL
Identificador del número de control ES-MaCES
005 - FECHA Y HORA DE LA ÚLTIMA TRANSACCIÓN
Fecha y hora de la última transacción 20160125124840.0
008 - CAMPO FIJO DE DESCRIPCIÓN FIJA--INFORMACIÓN GENERAL
Códigos de información de longitud fija   160118s2015 sp ||||| t||||||| ||spa d
040 ## - FUENTE DE CATALOGACIÓN
Centro catalogador de origen ES-MaCES
Lengua de catalogación spa
Centro transcriptor ES-MaCES
Centro modificado ES-MaCES
100 1# - ENCABEZAMIENTO PRINCIPAL--NOMBRE PERSONAL
9 (RLIN) 15632
Nombre de persona Kahale Carrillo, Djamil Tony
245 14 - MENCIÓN DE TÍTULO
Título Las medidas españolas para promover la igualdad entre mujeres y hombres en el trabajo tras la reforma de 2012
Mención de responsabilidad, etc. Djamil Tony Kahale Carrillo
504 ## - NOTA DE BIBLIOGRAFÍA, ETC.
Nota de bibliografía, etc. Bibliografía: p. 66-67
650 #4 - ASIENTO SECUNDARIO DE MATERIA--TÉRMINO DE MATERIA
9 (RLIN) 30147
Término de materia o nombre geográfico como elemento inicial igualdad de trato
650 #4 - ASIENTO SECUNDARIO DE MATERIA--TÉRMINO DE MATERIA
9 (RLIN) 30649
Término de materia o nombre geográfico como elemento inicial igualdad de oportunidades en el empleo
650 #4 - ASIENTO SECUNDARIO DE MATERIA--TÉRMINO DE MATERIA
9 (RLIN) 29521
Término de materia o nombre geográfico como elemento inicial discriminación por razones de sexo
650 #4 - ASIENTO SECUNDARIO DE MATERIA--TÉRMINO DE MATERIA
9 (RLIN) 28413
Término de materia o nombre geográfico como elemento inicial trabajadora
650 #4 - ASIENTO SECUNDARIO DE MATERIA--TÉRMINO DE MATERIA
9 (RLIN) 28327
Término de materia o nombre geográfico como elemento inicial condiciones de trabajo
650 #4 - ASIENTO SECUNDARIO DE MATERIA--TÉRMINO DE MATERIA
9 (RLIN) 29205
Término de materia o nombre geográfico como elemento inicial ordenamiento del tiempo de trabajo
653 10 - TÉRMINO DE INDEXACIÓN--NO CONTROLADO
Término no controlado Mujer
610 14 - ASIENTO SECUNDARIO DE MATERIA--NOMBRE CORPORATIVO
9 (RLIN) 2999
Nombre de entidad corporativa o nombre de jurisdicción como elemento inicial España
Título de la obra Ley de medidas urgentes para la reforma del mercado laboral
Fecha del congreso o de la firma de un tratado 2012
773 0# - ENTRADA DE DOCUMENTO FUENTE
Itemnumber del ítem fuente 83792
Lugar, editor y fecha de publicación Madrid Delta [2015]
Otro identificador del documento 086694
Título Conciliación de la vida laboral y familiar y crisis económica
Número de control del registro relacionado (ES-MaCES)46781
Número Internacional Normalizado para Libros (ISBN) 9788416383115
Parte(s) relacionada(s) p.51-67 . - SR-6.0.1.-804
902 ## - CES. TIPO DE DOCUMENTO
Tipodoc (006$c Sirtex) ARL Artículo de libro
942 ## - ELEMENTOS KOHA
Fuente de clasificaión o esquema Clasificación propia del CES
Koha [por defecto] tipo de item Artículos (1982-2017)
Parte de clasificación Asuntos Sociales

No hay ítems disponibles.

© CES, Consejo Económico y Social de España 2021